Chile: Flags of the Regions - Statistics

General Stats
  • This quiz has been taken 34 times
  • The average score is 12 of 16
Answer Stats
Picture Answer % Correct
Antofagasta
100%
Biobío
100%
Santiago Metropolitan Region
100%
Valparaíso
100%
Araucanía
86%
Arica and Parinacota
86%
Maule
86%
O'Higgins
86%
Tarapacá
77%
Magallanes
68%
Atacama
59%
Los Lagos
59%
Los Ríos
59%
Aysén
50%
Coquimbo
50%
Ñuble
45%
No matching quizzes found
Score Distribution
Percent of People with Each Score
Percentile by Number Answered
Your Score History
You have not taken this quiz